Drapeaux des pays commençant par L - Statistiques

Statistiques générales
  • Ce quiz a été pris 316 fois
  • Le résultat moyen est 8 sur 9
Statistiques - réponses
Par images Réponse % Correct
Liban
98%
Laos
96%
Luxembourg
96%
Lettonie
95%
Lituanie
94%
Liechtenstein
89%
Liberia
86%
Libye
83%
Lesotho
75%
Aucun quiz correspondant
Distribution des résultats
% des personnes avec chaque résultat
Percentile par nombre de réponses
Votre historique - résultats
Vous n’avez pas pris ce quiz